[Event "Elite Hotels Open 2025"]
[Site "Elite Stadshotellet, Växjö, Sweden"]
[Date "2025.02.07"]
[Round "3.17"]
[White "Trost, Martin"]
[Black "Wahlgreen, Noah Krug"]
[Result "0-1"]
[TimeControl "R1-4: 15 min + 5 sek, R5-8: 90 min + 30 sek"]
[WhiteElo "1849"]
[BlackElo "2150"]

1. Nf3 {[%clk 00:14:16]} {[%emt 00:00:54]} d5 {[%clk 00:15:08]} {[%emt
00:00:03]} 2. b3 {[%clk 00:14:19]} {[%emt 00:00:01]} Nf6 {[%clk 00:15:03]}
{[%emt 00:00:09]} 3. Bb2 {[%clk 00:14:06]} {[%emt 00:00:19]} e6 {[%clk
00:15:05]} {[%emt 00:00:03]} 4. g3 {[%clk 00:13:57]} {[%emt 00:00:14]} Be7
{[%clk 00:15:03]} {[%emt 00:00:07]} 5. Bg2 {[%clk 00:14:01]} O-O {[%clk
00:15:06]} {[%emt 00:00:03]} 6. O-O {[%clk 00:14:05]} c5 {[%clk 00:14:54]}
{[%emt 00:00:17]} 7. e3 {[%clk 00:12:59]} {[%emt 00:01:11]} Nc6 {[%clk
00:14:52]} {[%emt 00:00:06]} 8. Ne5 {[%clk 00:11:55]} {[%emt 00:01:09]} Nxe5
{[%clk 00:14:50]} {[%emt 00:00:08]} 9. Bxe5 {[%clk 00:11:59]} Nd7 {[%clk
00:14:54]} {[%emt 00:00:01]} 10. Bb2 {[%clk 00:11:08]} {[%emt 00:00:57]} Bf6
{[%clk 00:14:57]} 11. Bxf6 {[%clk 00:10:19]} {[%emt 00:00:54]} Qxf6 {[%clk
00:14:54]} {[%emt 00:00:08]} 12. c3 {[%clk 00:10:24]} b6 {[%clk 00:14:52]}
{[%emt 00:00:08]} 13. d4 {[%clk 00:10:20]} {[%emt 00:00:08]} Ba6 {[%clk
00:14:52]} {[%emt 00:00:05]} 14. Re1 {[%clk 00:10:24]} Rac8 {[%clk 00:14:55]}
{[%emt 00:00:02]} 15. Qd2 {[%clk 00:06:22]} {[%emt 00:04:07]} Rfd8 {[%clk
00:14:30]} {[%emt 00:00:29]} 16. Na3 {[%clk 00:06:05]} {[%emt 00:00:23]} Qg6
{[%clk 00:13:18]} {[%emt 00:01:17]} 17. Rac1 {[%clk 00:05:40]} {[%emt
00:00:30]} Nf6 {[%clk 00:13:19]} {[%emt 00:00:04]} 18. Red1 {[%clk 00:02:01]}
{[%emt 00:03:44]} Ne4 {[%clk 00:12:47]} {[%emt 00:00:37]} 19. Qc2 {[%clk
00:01:24]} {[%emt 00:00:42]} cxd4 {[%clk 00:11:51]} {[%emt 00:01:01]} 20. Bxe4
{[%clk 00:01:28]} {[%emt 00:00:01]} dxe4 {[%clk 00:11:46]} {[%emt 00:00:09]} 21.
Rxd4 {[%clk 00:01:14]} {[%emt 00:00:20]} Bd3 {[%clk 00:10:12]} {[%emt
00:01:39]} 22. Qd1 {[%clk 00:01:18]} {[%emt 00:00:01]} Rd5 {[%clk 00:09:53]}
{[%emt 00:00:23]} 23. Rxd5 {[%clk 00:00:25]} {[%emt 00:00:59]} exd5 {[%clk
00:09:56]} {[%emt 00:00:02]} 24. c4 {[%clk 00:00:27]} {[%emt 00:00:03]} dxc4
{[%clk 00:09:44]} {[%emt 00:00:16]} 25. Nxc4 {[%clk 00:00:30]} {[%emt
00:00:03]} Qc6 {[%clk 00:09:39]} {[%emt 00:00:10]} 26. Ra1 {[%clk 00:00:14]}
{[%emt 00:00:21]} b5 {[%clk 00:09:32]} {[%emt 00:00:11]} 27. Ne5 {[%clk
00:00:17]} {[%emt 00:00:03]} Qc3 {[%clk 00:09:32]} {[%emt 00:00:05]} 28. Nxd3
{[%clk 00:00:18]} {[%emt 00:00:04]} exd3 {[%clk 00:09:35]} {[%emt 00:00:02]} 29.
Kf1 {[%clk 00:00:10]} {[%emt 00:00:13]} d2 {[%clk 00:09:04]} {[%emt 00:00:36]}
30. Ke2 {[%clk 00:00:10]} {[%emt 00:00:05]} Rd8 {[%clk 00:09:07]} {[%emt
00:00:02]} 31. h4 {[%clk 00:00:08]} {[%emt 00:00:07]} Qd3+ {[%clk 00:08:17]}
{[%emt 00:00:55]} 32. Kf3 {[%clk 00:00:12]} {[%emt 00:00:01]} Rd6 {[%clk
00:07:42]} {[%emt 00:00:40]} 33. Kg2 {[%clk 00:00:16]} Qe4+ {[%clk 00:07:22]}
{[%emt 00:00:26]} 34. Kg1 {[%clk 00:00:15]} {[%emt 00:00:07]} g5 {[%clk
00:07:15]} {[%emt 00:00:11]} 35. hxg5 {[%clk 00:00:10]} {[%emt 00:00:10]} h6
{[%clk 00:07:19]} {[%emt 00:00:01]} 36. Qh5 {[%clk 00:00:07]} {[%emt 00:00:08]}
Qd5 {[%clk 00:06:00]} {[%emt 00:01:23]} 37. Rd1 {[%clk 00:00:09]} {[%emt
00:00:04]} hxg5 {[%clk 00:06:00]} {[%emt 00:00:05]} 38. Qg4 {[%clk 00:00:08]}
{[%emt 00:00:05]} Kg7 {[%clk 00:04:54]} {[%emt 00:01:11]} 39. e4 {[%clk
00:00:08]} {[%emt 00:00:06]} Qe5 {[%clk 00:04:58]} {[%emt 00:00:01]} 40. Qe2
{[%clk 00:00:12]} {[%emt 00:00:02]} Rd4 {[%clk 00:04:40]} {[%emt 00:00:22]} 41.
Rxd2 {[%clk 00:00:12]} {[%emt 00:00:06]} Rxe4 {[%clk 00:04:40]} {[%emt
00:00:04]} 42. Qf3 {[%clk 00:00:13]} {[%emt 00:00:04]} Re1+ {[%clk 00:02:50]}
{[%emt 00:01:55]} 43. Kg2 {[%clk 00:00:17]} {[%emt 00:00:02]} Qa1 {[%clk
00:02:12]} {[%emt 00:00:42]} 44. Qd5 {[%clk 00:00:07]} {[%emt 00:00:15]} Rg1+
{[%clk 00:01:57]} {[%emt 00:00:19]} 45. Kf3 {[%clk 00:00:08]} {[%emt 00:00:05]}
Qf6+ {[%clk 00:01:55]} {[%emt 00:00:07]} 46. Ke2 {[%clk 00:00:06]} {[%emt
00:00:07]} a6 {[%clk 00:01:37]} {[%emt 00:00:23]} 47. Qd4 {[%clk 00:00:07]}
{[%emt 00:00:03]} Qxd4 {[%clk 00:01:32]} {[%emt 00:00:11]} 48. Rxd4 {[%clk
00:00:11]} Ra1 {[%clk 00:01:35]} 49. Rd2 {[%clk 00:00:15]} Rc1 {[%clk
00:01:33]} {[%emt 00:00:07]} 50. Ke3 {[%clk 00:00:18]} {[%emt 00:00:02]} Rc3+
{[%clk 00:01:29]} {[%emt 00:00:10]} 51. Ke4 {[%clk 00:00:19]} {[%emt 00:00:04]}
Rc5 {[%clk 00:01:12]} {[%emt 00:00:22]} 52. Rd6 {[%clk 00:00:11]} {[%emt
00:00:13]} Rc2 {[%clk 00:01:09]} {[%emt 00:00:08]} 53. Rxa6 {[%clk 00:00:12]}
{[%emt 00:00:04]} Rxf2 {[%clk 00:01:13]} 54. Ra5 {[%clk 00:00:08]} {[%emt
00:00:10]} Kg6 {[%clk 00:01:16]} {[%emt 00:00:01]} 55. a3 {[%clk 00:00:08]}
{[%emt 00:00:05]} Re2+ {[%clk 00:01:02]} {[%emt 00:00:20]} 56. Kf3 {[%clk
00:00:10]} {[%emt 00:00:02]} Ra2 {[%clk 00:00:54]} {[%emt 00:00:13]} 57. a4
{[%clk 00:00:06]} {[%emt 00:00:09]} bxa4 {[%clk 00:00:48]} {[%emt 00:00:11]} 58.
Rxa4 {[%clk 00:00:10]} {[%emt 00:00:01]} Rb2 {[%clk 00:00:43]} {[%emt
00:00:10]} 59. Ra3 {[%clk 00:00:12]} {[%emt 00:00:03]} f5 {[%clk 00:00:32]}
{[%emt 00:00:17]} 60. Ra6+ {[%clk 00:00:14]} {[%emt 00:00:02]} Kh5 {[%clk
00:00:35]} {[%emt 00:00:01]} 61. Rb6 {[%clk 00:00:18]} {[%emt 00:00:02]} Ra2
{[%clk 00:00:29]} {[%emt 00:00:11]} 62. Rb5 {[%clk 00:00:15]} {[%emt 00:00:07]}
g4+ {[%clk 00:00:19]} {[%emt 00:00:16]} 63. Ke3 {[%clk 00:00:07]} {[%emt
00:00:13]} Kg5 {[%clk 00:00:23]} {[%emt 00:00:01]} 64. Rb4 {[%clk 00:00:07]}
{[%emt 00:00:06]} Rg2 {[%clk 00:00:23]} {[%emt 00:00:04]} 65. Rb8 {[%clk
00:00:06]} {[%emt 00:00:06]} Rxg3+ {[%clk 00:00:22]} {[%emt 00:00:06]} 66. Ke2
{[%clk 00:00:08]} {[%emt 00:00:02]} Rh3 {[%clk 00:00:16]} {[%emt 00:00:11]} 67.
b4 {[%clk 00:00:11]} {[%emt 00:00:04]} Kf4 {[%clk 00:00:19]} {[%emt 00:00:01]}
68. b5 {[%clk 00:00:15]} {[%emt 00:00:01]} Rh2+ {[%clk 00:00:16]} {[%emt
00:00:08]} 69. Kf1 {[%clk 00:00:14]} {[%emt 00:00:04]} Kf3 {[%clk 00:00:15]}
{[%emt 00:00:07]} 70. Kg1 {[%clk 00:00:15]} {[%emt 00:00:04]} g3 {[%clk
00:00:16]} {[%emt 00:00:03]} 71. Ra8 {[%clk 00:00:17]} {[%emt 00:00:04]} Rb2
{[%clk 00:00:09]} {[%emt 00:00:11]} 72. Ra3+ {[%clk 00:00:19]} {[%emt
00:00:04]} Kg4 {[%clk 00:00:13]} 73. Ra5 {[%clk 00:00:06]} {[%emt 00:00:18]}
Kh3 {[%emt 00:00:13]} 0-1

[Event "Elite Hotels Open 2025"]
[Site "Elite Stadshotellet, Växjö, Sweden"]
[Date "2025.02.07"]
[Round "4.1"]
[White "Gdanski, Jacek"]
[Black "Medhus, Vitus Bondo"]
[Result "1/2-1/2"]
[TimeControl "R1-4: 15 min + 5 sek, R5-8: 90 min + 30 sek"]
[WhiteTitle "GM"]
[BlackTitle "FM"]
[WhiteElo "2483"]
[BlackElo "2261"]

1. e4 {[%clk 00:15:08]} {[%emt 00:00:03]} e5 {[%clk 00:15:08]} {[%emt
00:00:02]} 2. Nf3 {[%clk 00:15:11]} {[%emt 00:00:01]} Nc6 {[%clk 00:15:09]}
{[%emt 00:00:04]} 3. Bb5 {[%clk 00:15:15]} {[%emt 00:00:01]} a6 {[%clk
00:15:11]} {[%emt 00:00:03]} 4. Ba4 {[%clk 00:15:18]} Nf6 {[%clk 00:15:14]}
{[%emt 00:00:02]} 5. O-O {[%clk 00:15:21]} {[%emt 00:00:02]} Be7 {[%clk
00:15:13]} {[%emt 00:00:06]} 6. Re1 {[%clk 00:15:17]} {[%emt 00:00:09]} b5
{[%clk 00:15:17]} {[%emt 00:00:02]} 7. Bb3 {[%clk 00:15:21]} O-O {[%clk
00:15:19]} {[%emt 00:00:03]} 8. a4 {[%clk 00:15:25]} {[%emt 00:00:01]} b4
{[%clk 00:15:23]} {[%emt 00:00:02]} 9. d3 {[%clk 00:15:28]} {[%emt 00:00:01]}
d6 {[%clk 00:15:26]} {[%emt 00:00:02]} 10. Nbd2 {[%clk 00:15:25]} {[%emt
00:00:08]} Na5 {[%clk 00:15:07]} {[%emt 00:00:24]} 11. Ba2 {[%clk 00:15:24]}
{[%emt 00:00:06]} c5 {[%clk 00:15:03]} {[%emt 00:00:09]} 12. c3 {[%clk
00:14:47]} {[%emt 00:00:42]} Nc6 {[%clk 00:14:41]} {[%emt 00:00:27]} 13. h3
{[%clk 00:14:25]} {[%emt 00:00:27]} Be6 {[%clk 00:14:23]} {[%emt 00:00:21]} 14.
Bc4 {[%clk 00:13:53]} {[%emt 00:00:38]} Nd7 {[%clk 00:13:03]} {[%emt 00:01:26]}
15. cxb4 {[%clk 00:11:57]} {[%emt 00:02:02]} Nxb4 {[%clk 00:12:46]} {[%emt
00:00:21]} 16. Nf1 {[%clk 00:11:57]} {[%emt 00:00:04]} Nb6 {[%clk 00:12:34]}
{[%emt 00:00:18]} 17. b3 {[%clk 00:11:46]} {[%emt 00:00:16]} Qd7 {[%clk
00:11:20]} {[%emt 00:01:19]} 18. Ng3 {[%clk 00:11:22]} {[%emt 00:00:28]} Nc6
{[%clk 00:10:53]} {[%emt 00:00:33]} 19. Be3 {[%clk 00:10:39]} {[%emt 00:00:47]}
Nxc4 {[%clk 00:10:25]} {[%emt 00:00:33]} 20. bxc4 {[%clk 00:10:41]} {[%emt
00:00:04]} Rab8 {[%clk 00:10:28]} {[%emt 00:00:02]} 21. Ra2 {[%clk 00:10:30]}
{[%emt 00:00:16]} Rb7 {[%clk 00:10:26]} {[%emt 00:00:07]} 22. Nh2 {[%clk
00:10:05]} {[%emt 00:00:30]} g6 {[%clk 00:09:42]} {[%emt 00:00:48]} 23. Bh6
{[%clk 00:09:02]} {[%emt 00:01:08]} Rfb8 {[%clk 00:09:45]} {[%emt 00:00:02]} 24.
Nhf1 {[%clk 00:09:06]} {[%emt 00:00:02]} Bf8 {[%clk 00:07:39]} {[%emt
00:02:12]} 25. Qd2 {[%clk 00:08:46]} {[%emt 00:00:24]} Nd4 {[%clk 00:07:06]}
{[%emt 00:00:37]} 26. Bxf8 {[%clk 00:08:37]} {[%emt 00:00:15]} Rxf8 {[%clk
00:07:00]} {[%emt 00:00:11]} 27. h4 {[%clk 00:08:39]} {[%emt 00:00:03]} f5
{[%clk 00:06:53]} {[%emt 00:00:12]} 28. exf5 {[%clk 00:08:40]} {[%emt
00:00:04]} gxf5 {[%clk 00:06:55]} {[%emt 00:00:03]} 29. f4 {[%clk 00:08:45]}
Qg7 {[%clk 00:06:32]} {[%emt 00:00:28]} 30. fxe5 {[%clk 00:08:08]} {[%emt
00:00:42]} f4 {[%clk 00:06:22]} {[%emt 00:00:15]} 31. Nh5 {[%clk 00:07:40]}
{[%emt 00:00:32]} Qg4 {[%clk 00:05:43]} {[%emt 00:00:44]} 32. Nh2 {[%clk
00:06:08]} {[%emt 00:01:37]} Qxh5 {[%clk 00:05:43]} {[%emt 00:00:06]} 33. exd6
{[%clk 00:06:12]} {[%emt 00:00:02]} Rg7 {[%clk 00:05:13]} {[%emt 00:00:34]} 34.
Kh1 {[%clk 00:05:49]} {[%emt 00:00:27]} f3 {[%clk 00:04:56]} {[%emt 00:00:23]}
35. gxf3 {[%clk 00:05:52]} {[%emt 00:00:02]} Bh3 {[%clk 00:04:27]} {[%emt
00:00:34]} 36. Re7 {[%clk 00:04:07]} {[%emt 00:01:49]} Rg6 {[%clk 00:03:47]}
{[%emt 00:00:46]} 37. Qe3 {[%clk 00:03:25]} {[%emt 00:00:47]} Nf5 {[%clk
00:03:36]} {[%emt 00:00:16]} 38. Qe5 {[%clk 00:02:46]} {[%emt 00:00:44]} Qxh4
{[%clk 00:03:32]} {[%emt 00:00:09]} 39. Qd5+ {[%clk 00:02:05]} {[%emt
00:00:46]} Kh8 {[%clk 00:03:35]} {[%emt 00:00:02]} 40. Qe5+ {[%clk 00:02:07]}
{[%emt 00:00:03]} Rgf6 {[%clk 00:03:39]} {[%emt 00:00:01]} 41. Re8 {[%clk
00:01:50]} {[%emt 00:00:22]} Qh6 {[%clk 00:02:13]} {[%emt 00:01:31]} 42. Rxf8+
{[%clk 00:00:57]} {[%emt 00:00:57]} Qxf8 {[%clk 00:02:16]} {[%emt 00:00:02]} 43.
d7 {[%clk 00:01:00]} Kg7 {[%clk 00:01:19]} {[%emt 00:01:03]} 44. Ng4 {[%clk
00:00:41]} {[%emt 00:00:24]} Bxg4 {[%clk 00:00:33]} {[%emt 00:00:51]} 45. fxg4
{[%clk 00:00:46]} Qd6 {[%clk 00:00:23]} {[%emt 00:00:15]} 46. Qxd6 {[%clk
00:00:28]} {[%emt 00:00:24]} Rxd6 {[%clk 00:00:26]} {[%emt 00:00:01]} 47. gxf5
{[%clk 00:00:31]} Rxd3 {[%clk 00:00:30]} 48. Rb2 {[%clk 00:00:27]} {[%emt
00:00:10]} Kf6 {[%clk 00:00:26]} {[%emt 00:00:10]} 49. Rb6+ {[%clk 00:00:21]}
{[%emt 00:00:10]} Kxf5 {[%clk 00:00:29]} {[%emt 00:00:03]} 50. Rc6 {[%clk
00:00:24]} {[%emt 00:00:02]} Rxd7 {[%clk 00:00:21]} {[%emt 00:00:12]} 51. Rxc5+
{[%clk 00:00:27]} {[%emt 00:00:02]} Ke4 {[%clk 00:00:23]} {[%emt 00:00:03]} 52.
Ra5 {[%clk 00:00:26]} {[%emt 00:00:06]} Rd6 {[%clk 00:00:23]} {[%emt 00:00:05]}
53. Rh5 {[%clk 00:00:18]} {[%emt 00:00:13]} h6 {[%clk 00:00:27]} {[%emt
00:00:02]} 54. Kg2 {[%clk 00:00:18]} {[%emt 00:00:04]} Kd4 {[%clk 00:00:31]} 55.
c5 {[%clk 00:00:22]} {[%emt 00:00:02]} Rc6 {[%clk 00:00:35]} 56. Kf3 {[%clk
00:00:24]} {[%emt 00:00:03]} Kc4 {[%clk 00:00:38]} 57. Ke4 {[%clk 00:00:26]}
{[%emt 00:00:03]} Kb4 {[%clk 00:00:38]} {[%emt 00:00:06]} 58. Kd4 {[%clk
00:00:28]} {[%emt 00:00:02]} a5 {[%clk 00:00:29]} {[%emt 00:00:15]} 59. Rh1
{[%clk 00:00:25]} {[%emt 00:00:08]} Rg6 {[%clk 00:00:21]} {[%emt 00:00:14]} 60.
Rb1+ {[%clk 00:00:23]} {[%emt 00:00:06]} Kxa4 {[%clk 00:00:24]} {[%emt
00:00:02]} 61. Kd5 {[%clk 00:00:28]} Rg5+ {[%clk 00:00:14]} {[%emt 00:00:14]}
62. Kd6 {[%clk 00:00:32]} Rg6+ {[%clk 00:00:18]} 63. Kc7 {[%clk 00:00:28]}
{[%emt 00:00:09]} h5 {[%clk 00:00:21]} {[%emt 00:00:02]} 64. c6 {[%clk
00:00:30]} {[%emt 00:00:04]} Ka3 {[%clk 00:00:24]} {[%emt 00:00:01]} 65. Kb7
{[%clk 00:00:27]} {[%emt 00:00:08]} Ka2 {[%clk 00:00:23]} {[%emt 00:00:06]} 66.
c7 {[%clk 00:00:22]} {[%emt 00:00:09]} Rg7 {[%clk 00:00:27]} {[%emt 00:00:02]}
67. Rd1 {[%clk 00:00:17]} {[%emt 00:00:10]} a4 {[%clk 00:00:28]} {[%emt
00:00:05]} 68. Kc6 {[%clk 00:00:21]} Rxc7+ 69. Kxc7 {[%clk 00:00:25]} a3 {[%clk
00:00:29]} {[%emt 00:00:02]} 70. Rh1 {[%clk 00:00:20]} {[%emt 00:00:10]} Kb2
{[%clk 00:00:32]} {[%emt 00:00:02]} 71. Rxh5 {[%clk 00:00:23]} {[%emt
00:00:02]} a2 {[%clk 00:00:36]} 72. Rh2+ {[%clk 00:00:27]} {[%emt 00:00:02]}
Kb3 {[%clk 00:00:40]} {[%emt 00:00:01]} 73. Rh1 {[%clk 00:00:30]} {[%emt
00:00:02]} Kb2 {[%clk 00:00:44]} 74. Kc6 {[%clk 00:00:34]} a1=Q {[%clk
00:00:47]} {[%emt 00:00:02]} 75. Rxa1 {[%clk 00:00:38]} {[%emt 00:00:02]} Kxa1
{[%clk 00:00:51]} 1/2-1/2

[Event "Elite Hotels Open 2025"]
[Site "Elite Stadshotellet, Växjö, Sweden"]
[Date "2025.02.07"]
[Round "4.2"]
[White "Grahn, Vidar"]
[Black "Kucuksari, Kaan"]
[Result "0-1"]
[TimeControl "R1-4: 15 min + 5 sek, R5-8: 90 min + 30 sek"]
[WhiteTitle "FM"]
[BlackTitle "IM"]
[WhiteElo "2252"]
[BlackElo "2463"]

1. Nf3 {[%clk 00:15:07]} {[%emt 00:00:03]} Nf6 {[%clk 00:15:06]} {[%emt
00:00:04]} 2. g3 {[%clk 00:15:07]} {[%emt 00:00:05]} g6 {[%clk 00:14:59]}
{[%emt 00:00:12]} 3. Bg2 {[%clk 00:15:11]} Bg7 {[%clk 00:15:03]} 4. O-O {[%clk
00:15:12]} {[%emt 00:00:04]} O-O {[%clk 00:15:00]} {[%emt 00:00:08]} 5. d4
{[%clk 00:15:16]} {[%emt 00:00:02]} d6 {[%clk 00:15:01]} {[%emt 00:00:03]} 6.
c4 {[%clk 00:15:16]} {[%emt 00:00:05]} Nbd7 {[%clk 00:15:03]} {[%emt 00:00:04]}
7. Nc3 {[%clk 00:15:19]} {[%emt 00:00:02]} e5 {[%clk 00:15:05]} {[%emt
00:00:03]} 8. e4 {[%clk 00:15:21]} {[%emt 00:00:02]} exd4 {[%clk 00:15:08]}
{[%emt 00:00:03]} 9. Nxd4 {[%clk 00:15:25]} {[%emt 00:00:02]} Re8 {[%clk
00:15:11]} 10. h3 {[%clk 00:15:28]} {[%emt 00:00:02]} Nc5 {[%clk 00:15:13]}
{[%emt 00:00:03]} 11. Re1 {[%clk 00:15:31]} {[%emt 00:00:02]} Bd7 {[%clk
00:15:17]} 12. Bf4 {[%clk 00:14:41]} {[%emt 00:00:54]} h6 {[%clk 00:15:16]}
{[%emt 00:00:06]} 13. Nb3 {[%clk 00:13:15]} {[%emt 00:01:32]} Ne6 {[%clk
00:15:13]} {[%emt 00:00:08]} 14. Be3 {[%clk 00:13:17]} {[%emt 00:00:02]} Ng5
{[%clk 00:15:15]} {[%emt 00:00:04]} 15. Bxg5 hxg5 {[%clk 00:15:18]} 16. c5
{[%clk 00:11:42]} {[%emt 00:00:54]} Bc6 {[%clk 00:13:17]} {[%emt 00:02:06]} 17.
Na5 {[%clk 00:10:33]} {[%emt 00:01:13]} Nd7 {[%clk 00:12:22]} {[%emt 00:00:59]}
18. Nxc6 {[%clk 00:10:29]} {[%emt 00:00:10]} bxc6 {[%clk 00:12:26]} {[%emt
00:00:02]} 19. cxd6 {[%clk 00:10:25]} {[%emt 00:00:09]} cxd6 {[%clk 00:12:28]}
{[%emt 00:00:02]} 20. Qxd6 {[%clk 00:10:17]} {[%emt 00:00:13]} Ne5 {[%clk
00:12:32]} {[%emt 00:00:02]} 21. Rad1 {[%clk 00:09:28]} {[%emt 00:00:54]} Qa5
{[%clk 00:11:30]} {[%emt 00:01:07]} 22. Qa3 {[%clk 00:09:02]} {[%emt 00:00:31]}
Qxa3 {[%clk 00:10:38]} {[%emt 00:00:57]} 23. bxa3 {[%clk 00:09:06]} {[%emt
00:00:01]} Rab8 {[%clk 00:10:36]} {[%emt 00:00:06]} 24. Na4 {[%clk 00:08:32]}
{[%emt 00:00:40]} Rb5 {[%clk 00:10:36]} {[%emt 00:00:05]} 25. f4 {[%clk
00:07:58]} {[%emt 00:00:39]} gxf4 26. gxf4 {[%clk 00:08:02]} Ra5 {[%clk
00:09:39]} 27. Nc3 {[%clk 00:07:59]} {[%emt 00:00:06]} Rxa3 {[%clk 00:09:24]}
{[%emt 00:00:21]} 28. Nb1 {[%clk 00:06:40]} {[%emt 00:01:25]} Nf3+ {[%clk
00:09:14]} {[%emt 00:00:15]} 29. Kf2 {[%clk 00:06:30]} {[%emt 00:00:15]} Nxe1
{[%clk 00:09:09]} {[%emt 00:00:10]} 30. Nxa3 {[%clk 00:06:33]} {[%emt
00:00:01]} Nxg2 {[%clk 00:09:08]} {[%emt 00:00:06]} 31. Kxg2 {[%clk 00:06:37]}
{[%emt 00:00:02]} Rxe4 {[%clk 00:09:08]} {[%emt 00:00:05]} 32. Kf3 {[%clk
00:06:33]} {[%emt 00:00:09]} Ra4 {[%clk 00:09:05]} {[%emt 00:00:07]} 33. Rd3
{[%clk 00:06:32]} {[%emt 00:00:07]} Bh6 {[%clk 00:08:49]} {[%emt 00:00:21]} 34.
Nc2 {[%clk 00:06:22]} {[%emt 00:00:15]} Rxf4+ {[%clk 00:08:40]} {[%emt
00:00:13]} 35. Kg3 {[%clk 00:06:26]} Rc4 {[%clk 00:08:43]} {[%emt 00:00:02]} 36.
Nd4 {[%clk 00:06:25]} {[%emt 00:00:06]} a5 {[%clk 00:07:39]} {[%emt 00:01:09]}
37. Nb3 {[%clk 00:06:23]} {[%emt 00:00:07]} Ra4 {[%clk 00:07:31]} {[%emt
00:00:13]} 38. Nc5 {[%clk 00:06:09]} {[%emt 00:00:20]} Rxa2 {[%clk 00:07:30]}
{[%emt 00:00:06]} 39. Rd8+ {[%clk 00:06:08]} {[%emt 00:00:05]} Kg7 {[%clk
00:07:30]} {[%emt 00:00:05]} 40. Rd7 {[%clk 00:06:07]} {[%emt 00:00:07]} Rd2
{[%clk 00:07:08]} {[%emt 00:00:26]} 41. Ra7 {[%clk 00:05:44]} {[%emt 00:00:29]}
Be3 {[%clk 00:06:14]} {[%emt 00:00:58]} 42. Ne6+ {[%clk 00:05:35]} {[%emt
00:00:15]} Kf6 {[%clk 00:06:16]} {[%emt 00:00:03]} 43. Nc7 {[%clk 00:05:30]}
{[%emt 00:00:11]} 0-1

[Event "Elite Hotels Open 2025"]
[Site "Elite Stadshotellet, Växjö, Sweden"]
[Date "2025.02.07"]
[Round "4.3"]
[White "Trost, Edvin"]
[Black "Gajic, Mladen"]
[Result "1-0"]
[TimeControl "R1-4: 15 min + 5 sek, R5-8: 90 min + 30 sek"]
[WhiteTitle "IM"]
[BlackTitle "FM"]
[WhiteElo "2462"]
[BlackElo "2251"]

1. e4 {[%clk 00:15:08]} {[%emt 00:00:02]} g6 {[%clk 00:15:03]} {[%emt
00:00:09]} 2. d4 {[%clk 00:15:09]} {[%emt 00:00:03]} Bg7 {[%clk 00:15:07]}
{[%emt 00:00:01]} 3. Nc3 {[%clk 00:15:13]} {[%emt 00:00:01]} d6 {[%clk
00:15:10]} {[%emt 00:00:02]} 4. f4 {[%clk 00:14:29]} {[%emt 00:00:49]} a6
{[%clk 00:15:07]} {[%emt 00:00:08]} 5. Nf3 {[%clk 00:14:25]} {[%emt 00:00:08]}
b5 {[%clk 00:15:11]} {[%emt 00:00:02]} 6. Bd3 {[%clk 00:14:26]} {[%emt
00:00:04]} Nd7 {[%clk 00:15:09]} {[%emt 00:00:08]} 7. a4 {[%clk 00:14:16]}
{[%emt 00:00:14]} b4 {[%clk 00:15:07]} {[%emt 00:00:07]} 8. Nd5 {[%clk
00:14:19]} {[%emt 00:00:02]} a5 {[%clk 00:13:24]} {[%emt 00:01:48]} 9. O-O
{[%clk 00:14:15]} {[%emt 00:00:09]} Bb7 {[%clk 00:11:35]} {[%emt 00:01:54]} 10.
Ne3 {[%clk 00:14:16]} {[%emt 00:00:09]} e5 {[%clk 00:09:28]} {[%emt 00:02:17]}
11. fxe5 {[%clk 00:13:03]} {[%emt 00:01:17]} dxe5 {[%clk 00:09:32]} 12. dxe5
{[%clk 00:13:07]} {[%emt 00:00:02]} Bxe5 {[%clk 00:06:48]} {[%emt 00:02:49]} 13.
Bc4 {[%clk 00:12:04]} {[%emt 00:01:08]} f6 {[%clk 00:05:56]} {[%emt 00:00:55]}
14. Ng4 {[%clk 00:11:15]} {[%emt 00:00:54]} Qe7 {[%clk 00:05:51]} {[%emt
00:00:11]} 15. Nfxe5 {[%clk 00:10:50]} {[%emt 00:00:31]} Nxe5 {[%clk 00:04:38]}
{[%emt 00:01:17]} 16. Nxe5 {[%clk 00:10:52]} {[%emt 00:00:04]} Qxe5 {[%clk
00:04:35]} {[%emt 00:00:08]} 17. Kh1 {[%clk 00:10:38]} {[%emt 00:00:19]} Rd8
{[%clk 00:03:48]} {[%emt 00:00:52]} 18. Bd3 {[%clk 00:09:34]} {[%emt 00:01:08]}
Ne7 {[%clk 00:02:42]} {[%emt 00:01:12]} 19. Bf4 {[%clk 00:09:35]} {[%emt
00:00:03]} Qc5 {[%clk 00:02:37]} {[%emt 00:00:07]} 20. Qe2 {[%clk 00:09:32]}
{[%emt 00:00:11]} O-O {[%clk 00:01:30]} {[%emt 00:01:12]} 21. Bh6 {[%clk
00:09:34]} {[%emt 00:00:03]} Rfe8 {[%clk 00:01:32]} {[%emt 00:00:03]} 22. Qg4
{[%clk 00:06:20]} {[%emt 00:03:19]} Bc8 {[%clk 00:00:38]} {[%emt 00:00:59]} 23.
Qg3 {[%clk 00:06:02]} {[%emt 00:00:23]} f5 {[%clk 00:00:34]} {[%emt 00:00:10]}
24. Bg5 {[%clk 00:05:55]} {[%emt 00:00:12]} fxe4 {[%emt 00:00:18]} 25. Bxe4
{[%clk 00:05:58]} {[%emt 00:00:02]} Rd6 {[%clk 00:00:07]} {[%emt 00:00:19]} 26.
Be3 {[%clk 00:05:09]} {[%emt 00:00:53]} Qh5 {[%clk 00:00:07]} {[%emt 00:00:06]}
27. Bf4 {[%clk 00:05:01]} {[%emt 00:00:12]} Re6 {[%clk 00:00:10]} {[%emt
00:00:03]} 28. Bf3 {[%clk 00:05:04]} {[%emt 00:00:02]} Qc5 {[%clk 00:00:11]}
{[%emt 00:00:04]} 29. Rad1 {[%clk 00:04:59]} {[%emt 00:00:10]} Nf5 {[%clk
00:00:15]} {[%emt 00:00:01]} 30. Qg5 {[%clk 00:04:42]} {[%emt 00:00:21]} Ne3
{[%clk 00:00:19]} {[%emt 00:00:01]} 31. Qxc5 {[%clk 00:04:41]} {[%emt
00:00:06]} 1-0